000 00511nam a2200193Ia 4500
008 101110s9999 xx 000 0 und d
041 _aENGLISH
082 _bJR767
_a332.1
100 _aShekhar K.C.
245 _aBanking Theory and Practice ( 6th Rev. Ed.)
365 _b18
520 _aCommerce
546 _aENGLISH
630 _aBanking Theory and Practice ( 6th Rev. Ed.)
650 _aCommerce
655 _aCommerce
730 _aBanking Theory and Practice ( 6th Rev. Ed.)
942 _cBOOK
999 _c793501
_d793498